| 000 | 02542cam a2200325 i 4500 | ||
|---|---|---|---|
| 001 | 17698883 | ||
| 003 | Nust- CAS-E | ||
| 005 | 20180118181407.0 | ||
| 008 | 130415s2013 nju b 001 0 eng | ||
| 010 | _a 2013004622 | ||
| 020 | _a9781118237878 (cloth) | ||
| 040 |
_aDLC _beng _cDLC _erda _dDLC |
||
| 042 | _apcc | ||
| 050 | 0 | 0 |
_aTP159.F52 _bC43 2013 |
| 082 | 0 | 0 |
_a670.286 _223 |
| 100 | 1 | _aCheremisinoff, Nicholas P. | |
| 245 | 1 | 0 |
_aIndustrial gas flaring practices / _cNicholas P. Cheremisinoff, PhD. |
| 300 |
_axi, 255 pages ; _c25 cm |
||
| 500 | _a"Published simultaneously in Canada"--Title page verso. | ||
| 502 | _a0 | ||
| 504 | _aIncludes bibliographical references and index. | ||
| 505 | 0 | _a1. Principles of Combustion -- Introduction -- Combustion Basics -- Physical Gas Laws -- Stoichiometric and Thermodynamic Considerations -- Ignition -- Flammability and Flammable Mixtures -- Gas Mixtures -- 2. Overview of Flares and Gas Flaring Practices -- General Description -- Types of Flares -- Flare System Components and Design Features -- Flare Regulations -- Flare Enforcement Actions -- Major Suppliers -- Flare Terminology -- 3. Overview of Disposal Systems and Relief Headers -- Blowdown Systems -- Disposal System Components -- Quench Drum -- Seals and the Seal Drum -- Knockout Drums -- 4. Flare Types -- Introduction -- Hydrogen Assisted Flares -- Steam Assisted Flares -- Efficiency and Smoking Flares -- 5. Remote Sensing and Monitoring -- Introduction -- Remote Sensing Dial Technology -- Experience -- 6. Practical Considerations and Emissions Calculations -- Introduction -- Sizing Considerations -- General Permit Obligations -- Monitoring System Requirements -- Marama Guidelines for Calculating Flare Emissions -- TCEQ New Source Review (NSR) Emission Calculations -- U.S. EPA's AP-42 -- Calculations Versus Measurement -- 7. Case Studies -- Introduction -- The Exxon Chalmette Refinery -- The BP Texas City Refinery -- Valero Tennessee Refinery -- Appendix -- Properties Data. | |
| 650 | 0 | _aFlare gas systems (Chemical engineering) | |
| 650 | 0 |
_aWaste gases _xCombustion. |
|
| 650 | 0 |
_aIndustries _xEnvironmental aspects. |
|
| 776 | 0 | 8 |
_iOnline version: _aCheremisinoff, Nicholas P. _tIndustrial gas flaring practices _dHoboken, New Jersey : John Wiley & Sons, 2013 _z9781118671238 _w(DLC) 2013015518 |
| 906 |
_a7 _bcbc _corignew _d1 _eecip _f20 _gy-gencatlg |
||
| 942 |
_2ddc _cBK |
||
| 999 |
_c355624 _d355624 |
||